Portuguese Breakfast Food Vocabulary - Statistics

General Stats
  • This quiz has been taken 236 times
  • The average score is 16 of 28
Answer Stats
Hint Answer % Correct
coffee café
94%
egg ovo
93%
fruit fruta
85%
milk leite
85%
orange laranja
84%
tea chá
83%
apple maçã
82%
juice suco
70%
cereal cereal
68%
strawberry morango
68%
bacon bacon
65%
butter manteiga
64%
omelet omelete
61%
fried eggs ovos fritos
54%
pancake panqueca
54%
waffle waffle
54%
iced tea chá gelado
50%
sausage salsicha
48%
toast torrada
48%
jelly geléia
41%
jam geléia
41%
scrambled eggs ovos mexidos
41%
blueberry mirtilo
38%
oatmeal farinha de aveia
32%
hard boiled eggs ovos cozidos
31%
syrup calda
19%
french toast rabanada
12%
hashbrowns batatas fritas
10%
No matching quizzes found
Score Distribution
Percent of People with Each Score
Percentile by Number Answered
Your Score History
You have not taken this quiz